000 01249nam0a22003491 4500
001 RU\NLR\Evr\2415
005 20251202160538.0
035 _a(NLR Aleph) 011418802
090 _a11596569
_c11596569
100 _a20070809d1940 u y0rusy50 ca
101 0 _ayid
102 _aRU
105 _ay |||||||||
200 1 _6a01
_7ba
_aMaysters fun feld un vayngortn
_fSh. Godiner
210 _6a01
_aMoskve
_cDer emes
_d1940
_7ba
210 _6a01
_9z02
_aמאָסקווע
_cדער עמעס
_d1940
210 _9z02
_aМосква
_cДер эмес
_d1940
_7ca
215 _a171 с.
_d14 см.
510 1 _6a01
_aמייסטערס פונ פעלד אונ וויינגאָרטנ
_fש. גאָדינער
541 1 _aМастера полей и виноградников
_zrus
700 1 _6a01
_aГодинер
_bШ.Н.
_f1892-1942
_gШмуэл Нисан
_3RU\NLR\AUTH\7949325
_4070
_7ca
790 1 _6a01
_aGodiner
_bSh.
_gShmuel
_4070
_7ba
790 1 _6a01
_aגאָדינער
_b
_gשמואל
_4070
801 0 _aRU
_bNLR
_c20070809
_gpsbo
801 0 _aRU
_bNLR
_gPSBO
801 1 _aRU
_bNLR
_c20070809
_2rusmarc
801 2 _aRU
_bNLR
_c20080316
_2rusmarc
852 _aNLR
_bОЛСАА/идиш
_jИ-1231
942 _cBOOK
980 _aNB
980 1 _aIDISH